书目信息 |
| 题名: |
记忆的探索
|
|
| 作者: | 杨治良 著 | |
| 分册: | ||
| 出版信息: | 北京 北京师范大学出版社 2009 |
|
| 页数: | 426页 | |
| 开本: | 24cm | |
| 丛书名: | 当代中国心理学家文库 | |
| 单 册: | ||
| 中图分类: | B842.3 | |
| 科图分类: | ||
| 主题词: | 记忆--研究 , 记忆 | |
| 电子资源: | ||
| ISBN: | 978-7-303-09982-5 | |
| 000 | 00856oam2 2200265 45 | |
| 001 | 1029811851 | |
| 005 | 20100428142639.21 | |
| 010 | @a978-7-303-09982-5@dCNY48.00 | |
| 100 | @a20100330d2009 em y0chiy50 ea | |
| 101 | 0 | @achi |
| 102 | @aCN@b110000 | |
| 105 | @aa z 000yy | |
| 106 | @ar | |
| 200 | 1 | @a记忆的探索@AJi Yi De Tan Suo@f杨治良著@FYang Zhi Liang Zhu |
| 210 | @a北京@c北京师范大学出版社@d2009 | |
| 215 | @a426页@c图@d24cm | |
| 225 | 2 | @a当代中国心理学家文库@i杨治良卷 |
| 330 | @a本书共八个专题:仪器与心理学研究、信号检测理论、心理学应用、内隐记忆、内隐学习、内隐社会认知、前瞻记忆、错误记忆。 | |
| 462 | 0 | @12001 @a当代中国心理学家文库@i杨治良卷 |
| 606 | 0 | @a记忆@x研究 |
| 606 | 0 | @a记忆 |
| 690 | @aB842.3@v4 | |
| 701 | 0 | @a杨治良@AYang Zhi Liang@4著 |
| 801 | 0 | @aCN@bTANGWEI@c20100428 |
| 905 | @b0592550-54@dB842.3@e1005@f5 | |
| 记忆的探索/杨治良著.-北京:北京师范大学出版社,2009 |
| 426页:图;24cm.-(当代中国心理学家文库.杨治良卷) |
| ISBN 978-7-303-09982-5:CNY48.00 |
| 本书共八个专题:仪器与心理学研究、信号检测理论、心理学应用、内隐记忆、内隐学习、内隐社会认知、前瞻记忆、错误记忆。 |
| ● |
| 相关链接 |
|
|
|
|
正题名:记忆的探索
索取号:B842.3/1005
 
预约/预借
| 序号 | 登录号 | 条形码 | 馆藏地/架位号 | 状态 | 备注 |
| 1 | 0592550 | 205925506 | 第一样本阅览室/ [索取号:B842.3/1005] | 在馆 | |
| 2 | 0592551 | 205925515 | 第一借阅区/ [索取号:B842.3/1005] | 在馆 | |
| 3 | 0592552 | 205925524 | 第一借阅区/ [索取号:B842.3/1005] | 在馆 | |
| 4 | 0592553 | 205925533 | 第一借阅区/ [索取号:B842.3/1005] | 在馆 | |
| 5 | 0592554 | 205925542 | 第一借阅区/ [索取号:B842.3/1005] | 在馆 |